Normal view MARC view
  • Intensive psychotherapy

Entry Topical Term

Number of records used in: 1

001 - CONTROL NUMBER

  • control field: 100415

003 - CONTROL NUMBER IDENTIFIER

  • control field: NUST

005 - DATE AND TIME OF LATEST TRANSACTION

  • control field: 20221017115757.0

008 - FIXED-LENGTH DATA ELEMENTS

  • fixed length control field: 221017|| aca||aabn | a|a d

040 ## - CATALOGING SOURCE

  • Original cataloging agency: NUST
  • Transcribing agency: NUST

150 ## - HEADING--TOPICAL TERM

  • Topical term or geographic name entry element: Intensive psychotherapy

670 ## - SOURCE DATA FOUND

  • Source citation: Work cat.: (NUST)183206: Reid, William H., 100414, Basic intensive psychotherapy /, c1980.
© 2023 Central Library, National University of Sciences and Technology. All Rights Reserved.